Регионална библиотека "Любен Каравелов" - Русе

Духовната ситуация на времето (Запис номер 11441)

MARC детайли
000 -Лидер
Контролно поле с фиксирана дължина 01605nam a2200397 c 4500
003 - Код на организацията, давaща контролен номер
Контролно поле BLK
005 - Дата и час на последна редакция
Контролно поле 20180420214640.0
008 - Елементи от данни с фиксирана дължина
fixed length control field 180412b bul|||||r ||||||| ||bul||
010 ## - Наследен системен номер
LC control number KNG00012980000
020 ## - Международен стандартен номер на книга ISBN
Международен стандартен номер на книга ISBN 954-607-046-7
-- издат.: Лик
040 ## - Източник на каталожния запис
Идентификатор на билиотеката - собственик на записа BLK
041 ## - Код за език
Код за езика на текст/звукозапис или на отделно заглавие Български
Код за езика КДБФ Български
080 ## - УДК
Текстов определител УДК Екзистенциализъм
УДК код - определител по УДК 141.32
УДК определител (430)
УДК - код + определител 141.32(430)
080 ## - УДК
Текстов определител УДК Общество. Социална структура
УДК код - определител по УДК 316.3
УДК определител
УДК - код + определител 316.3
100 1# - Редна дума - Автор
Автор Ясперс, Карл
Авторска отговорност първи автор
R(LIN) 146122
139 ## - Редно поле
Редна дума Ясперс, Карл
Авторски знак Ясно - Я 94
245 10 - Сведения за заглавието
Заглавие Духовната ситуация на времето
Редно поле (дума) Карл Ясперс; прев. от нем. Никола Георгиев.
257 ## - Страна на издаване
Страна на създаване/издаване Германия
260 ## - Област на издателските данни
-- София
Име на издателя, разпространителя и проч. Лик
Година на издаване 1996
300 ## - Физическа характеристика
Страници 207 с.
Размери/Мащаб 20 см
380 ## - Жанр
Жанр Философия
490 1# - СЕРИИ (Колекции)
Име на серия Библиотека Касталия
№: серия № 25
500 ## - Общи забележки
Забележка Прев. е направен по Die Geistige Situation der Zeit / Karl Jaspers. - 1 000 тир.
650 #4 - Допълнително описание по предмет – тема
Основно описание – тема или топоним Екзистенциализъм - Германия
9 (RLIN) 256507
650 #4 - Допълнително описание по предмет – тема
Основно описание – тема или топоним Общество - философски проблеми
9 (RLIN) 246162
651 #4 - Допълнително описание по предмет - топоним
Географско понятие Германия
9 (RLIN) 178754
653 ## - Ключова дума – ненормативна
Ключова дума общество
653 ## - Ключова дума – ненормативна
Ключова дума философски проблеми
653 ## - Ключова дума – ненормативна
Ключова дума екзистенциализъм
700 1# - Други автори (авторска отговорност)
Лично име Георгиев, Никола
Автороска отговорност (Описва отношението между автора и произведението) прев. от нем.
Друга информация Андреев, Никола Георгиев
9 (RLIN) 252060
852 ## - Местоположение
Форматна сигнатура Цб 189397
856 4# - Електронен адрес и достъп
Електронен формат pdf - файл
Път до файла /url/
856 4# - Електронен адрес и достъп
Електронен формат pdf - файл
Път до файла /url/
942 ## - АРТИКУЛИ
Вид на библиотечния материал Книги
Скрит в OPAC Не
944 ## - СЪЗДАВАНЕ И РЕДАКЦИЯ на ЗАПИСА
Създаване/Редакция Създаване
Дата на регистрацията/редакция 15.01.2003
Статус, дата на статуса ф /
Служител, извършил регистрацията/редакцията Людмила_Стоянова
944 ## - СЪЗДАВАНЕ И РЕДАКЦИЯ на ЗАПИСА
Създаване/Редакция Редакция
Дата на регистрацията/редакция 13.06.2014
Статус, дата на статуса ф /
Служител, извършил регистрацията/редакцията
999 ## - СИСТЕМНИ КОНТРОЛНИ НОМЕРА
Koha biblionumber 11441
Koha biblioitemnumber 11441
Наличности
Код за отписване Код за изгубен артикул Източник на класификационната схема Код за повреда Коз за рестрикции Код за отдаване Артикулен № Име на библиотеката - собственик Име на библиотеката, в която се намира в момента Статус (Текущо местоположение) Дата на вписване в системата Местоположение - отдел Цена в лева Инвентарен номер Систематично азбучна сигнатура Баркод Номер на екземпляра Цена в евро Служебна бележка Служебен тип на артикула
Изтеглен Не е изгубен Universal Decimal Classification Не е повреден без рестрикции заемане за дома 19837 Регионална библиотека "Любен Каравелов" Русе Регионална библиотека "Любен Каравелов" Русе Заемна - подръчен фонд 2001-01-01 Заемна - подръчен фонд 1.13 621367 П 14/Я 94 621367 1 0.58 Дост: Pk Вид: Ф N: стар фонд Дата: 01.01.1996 Дата инв: 01.02.2018 Бележки инв: П2018 Книги
  Не е изгубен Universal Decimal Classification Не е повреден без рестрикции ползва се в читалня 19838 Регионална библиотека "Любен Каравелов" Русе Регионална библиотека "Любен Каравелов" Русе Хранилище 2001-01-01 Хранилище 1.13 624139 Цб 189397 120000624139 2 0.58 Дост: Dp Вид: Д N: 22 Дата: 01.01.1996 Книги
  Не е изгубен   Не е повреден без рестрикции заемане за дома 19839 Регионална библиотека "Любен Каравелов" Русе Регионална библиотека "Любен Каравелов" Русе Заемна - подръчен фонд 2014-02-07 Заемна - подръчен фонд 9.00 120000774257 П 14/Я 94 120000774257 3 4.60 Дост: DA Вид: А N: 3 Дата: 07.02.2014 Дата инв: 01.02.2018 Бележки инв: П2018 Книги
Vip Innovations Ltd, Rousse, Bulgaria 2025